| 000 | 00590cam a2200217 4500 | ||
|---|---|---|---|
| 001 | J2779 | ||
| 008 | 090401t1994 xxu||||| |||| 00| 0 eng d | ||
| 035 | _a(Sirsi) u51172 | ||
| 041 | _aeng | ||
| 050 | _a332.6324 | ||
| 110 |
_aSavills _92020 |
||
| 245 | _aProperty finance & investment update. - December 1994 | ||
| 260 |
_aLondon _bSavills _c1994 |
||
| 300 | _a(6)p. ; 30cm. | ||
| 350 | _a0 | ||
| 650 | _aPROPERTY FINANCE | ||
| 650 | _aPROPERTY INVESTMENT | ||
| 690 | _aPROPERTY-COMMERCIAL PROPERTY-COMMERCIAL PROPERTY FINANCE AND INVESTMENT | ||
| 942 | _n0 | ||
| 948 | _c04/03/1997 | ||
| 999 |
_c92832 _d92832 |
||